00304 a2200109 4500001000700000020000600007040001100013100002000024240007300044245006800117362000900185171285 a  cMagnum aSantana, Mirian10aTelevisao crianca - um relacionamento controlado pela sociedadelpor10aTelevisao crianca - um relacionamento controlado pela sociedade0 a1899